| 000 | 01256cam a2200337 i 4500 | ||
|---|---|---|---|
| 001 | 14643 | ||
| 003 | Mx-PuUPA | ||
| 005 | 20260427111916.0 | ||
| 008 | 140415s1980 xxka gr 001 f eng d | ||
| 020 | _a9781405842877 | ||
| 040 |
_aMx-PuUPA _bspa _cMx-PuUPA _dMx-PuUPA _erda |
||
| 041 | 0 | _aeng | |
| 100 | 1 |
_aCooper, James Fenimore _d1789 y 1851 _917997 |
|
| 245 | 1 | 4 |
_aThe last of the Mohicans / _cJames Feminore Cooper ; retold by Coolen Degnan-Veness |
| 264 | 1 |
_aEngland : _bPearson Education Limited, _c©2008 |
|
| 300 |
_aiv, 43 páginas : _bilustraciones (a color) ; _c20 cm |
||
| 336 |
_2rdacontent _atexto _btxt |
||
| 337 |
_2rdamedia _asin medio _bn |
||
| 338 |
_2rdacarrier _avolumen _bnc |
||
| 490 | 0 | _aPenguin readers | |
| 521 | 0 |
_aLevel 2 _a600 headwords _aElementary |
|
| 650 | 7 |
_2armarc _aInglés _xLibros selectos _xLibros y lectura (Educación primaria) |
|
| 650 | 7 |
_2armarc _aInglés _xComposición y ejercicios |
|
| 650 | 7 |
_2armarc _aPueblos indígenas _zEstados Unidos _vNovela |
|
| 651 | 4 |
_aEstados Unidos _xHistoria _y1754-1763 (Guerra de los Siete Años) _vNovela |
|
| 655 | 4 | _aNovela | |
| 700 | 1 |
_aDegnan-Veness, Coolen _eeditor |
|
| 942 |
_2ddc _cLI _h428.24 _iC76 |
||
| 999 |
_c14643 _d14643 |
||